• 首页
  • 本馆介绍
  • 公告通知
  • 最新文献
  • 馆藏检索
  • 电子资源
  • 读者导购
  • 参考咨询
  • 我的图书馆
  • 登录
  • 详细信息显示
  • 放入我的书架
  • 预约/预借图书
  • 作者相关作品
  • 分类相关作品
  • 丛书相关作品
  • 出版社相关作品

书目信息

  • 表格格式
  • 工作单格式
  • 卡片格式
题名:
陆地与海洋
    
 
作者: 施米特 著 ;林国基 译
分册:  
出版信息: 上海   上海三联书店  2018
页数: 164页
开本: 21cm
丛书名: 海国图志丛书
单 册:
中图分类: D90 , K901.4
科图分类:
主题词: 法理学--fa li xue--研究 , 政治地理学--zheng zhi di li xue
电子资源:
ISBN: 978-7-5426-6424-2
000 01665nam 2200361 450
001 012001007583
005 20131021090449.0
010    @a978-7-5426-6424-2@dCNY30.00
099    @aCAL 012018187698
100    @a20181109d2018 em y0chiy50 ea
101 1  @achi@cger
102    @aCN@b310000
105    @ay z 001yy
106    @ar
200 1  @a陆地与海洋@Alu di yu hai yang@e世界史的考察@f(德) 卡尔·施米特著@d= Land Und Meer@eEine Weltgeschichtliche Betrachtung@fCarl Schmitt@g林国基译@zger
210    @a上海@c上海三联书店@d2018
215    @a164页@d21cm
225 2  @a海国图志丛书@Ahai guo tu zhi cong shu
305    @a据原书1981年德文版译出
314    @a卡尔·施米特, 是德国20世纪最重要的法学家之一。林国基, 北京大学法学学士、硕士、博士。
320    @a有索引
330    @a本书的论域接近地缘政治的研究, 基本上是从法理学的角度, 采用历史的描述结合隐喻与象征的手法, 气势恢弘而形象生动地论述了欧洲近代政治格局的嬗变: 海洋象征英美海洋国家及其法理传统, 陆地象征欧陆国家及其法理传统, 以及他们的诞生、演变、发展、衰落和冲突。其核心问题意识是: 海洋和大陆分别代表两种法理传统和政治传统, 两者的差异具有人类学的根源, 战争也好, 科学也罢, 哪怕是人类未来不可思议的进步都不能消除这种差异。
410  0 @12001 @a海国图志丛书
500 10 @aLand Und Meer : Eine Weltgeschichtliche Betrachtung@mChinese
517 1  @a世界史的考察@Ashi jie shi de kao cha
606 0  @a法理学@Afa li xue@x研究
606 0  @a政治地理学@Azheng zhi di li xue
690    @aD90@v5
690    @aK901.4@v5
701  1 @a施米特@Ashi mi te@g(Schmitt, Carl),@f1888-1985@4著
702  0 @a林国基@Alin guo ji@4译
801  0 @aCN@b上海新华@c20191020
905    @b1177077-80@dD90@e867@f4
    
    陆地与海洋:世界史的考察/(德) 卡尔·施米特著= Land Und Meer:Eine Weltgeschichtliche Betrachtung/Carl Schmitt/林国基译.-上海:上海三联书店,2018
    164页;21cm.-(海国图志丛书)
    
    
    ISBN 978-7-5426-6424-2:CNY30.00
    本书的论域接近地缘政治的研究, 基本上是从法理学的角度, 采用历史的描述结合隐喻与象征的手法, 气势恢弘而形象生动地论述了欧洲近代政治格局的嬗变: 海洋象征英美海洋国家及其法理传统, 陆地象征欧陆国家及其法理传统, 以及他们的诞生、演变、发展、衰落和冲突。其核心问题意识是: 海洋和大陆分别代表两种法理传统和政治传统, 两者的差异具有人类学的根源, 战争也好, 科学也罢, 哪怕是人类未来不可思议的进步都不能消除这种差异。
●
相关链接 在E读中查询图书 在五车中查询图书 在当当中查询图书 在豆瓣中查询图书


正题名:陆地与海洋     索取号:D90/867         预约/预借

序号 登录号 条形码 馆藏地/架位号 状态 备注
1 1177077   211770779   第一样本阅览室/ [索取号:D90/867] 在馆    
2 1177078   211770788   第一借阅区/ [索取号:D90/867] 在馆    
3 1177079   211770797   第一借阅区/ [索取号:D90/867] 在馆    
4 1177080   211770804   第一借阅区/ [索取号:D90/867] 在馆    
唐山师范学院图书馆 欢迎您!
大连网信软件有限公司© 版权所有